000 00781nam a2200241 a 4500
001 000022036
003 DO-SdBNP
005 20250204083504.0
007 ta
008 100916s1982 dr c r 000 0 spa d
040 _aDO-SdBNP
_bspa
_cBNPHU
082 4 _a920.72
_bM671Fe
_222
100 1 _aFerreras, Ramón Alberto
_911298
245 1 4 _aLas Mirabal :
_bmedia isla III /
_cRamón Alberto Ferreras.
260 _aSanto Domingo :
_bEditorial del Nordeste,
_c1982.
300 _a519 p. :
_bretrs. ;
_c21 cm.
590 _aInventariado, 2023/BT
600 1 4 _aMirabal Reyes, Minerva,
_d1926-1960
_945419
600 1 0 _aMirabal, Maria Teresa,
_d1935-1960
_945421
600 1 0 _aMirabal, Patria,
_d1924-1960
_945420
910 _aValidado. Control de calidad. MMOLINA
942 _2ddc
_cLBS1
999 _c21534
_d21534